[Event "Oberliga Ost-B 2324"]
[Site "Germany"]
[Date "2024.03.16"]
[Round "8.6"]
[White "Brust, Olaf"]
[Black "Sergin, Mark"]
[Result "0-1"]
[WhiteElo "1684"]
[BlackElo "2241"]
[PlyCount "46"]
[EventDate "2023.10.22"]
[EventType "team-tourn"]
[EventRounds "11"]
[EventCountry "GER"]
[SourceTitle "EXT 2025"]
[Source "ChessBase"]
[SourceDate "2024.10.14"]
[SourceVersion "1"]
[SourceVersionDate "2024.10.14"]
[SourceQuality "1"]
[WhiteTeam "Moerlenbach Birkenau"]
[BlackTeam "Neuberg"]
[WhiteTeamCountry "GER"]
[BlackTeamCountry "GER"]

1. e4 d5 2. exd5 Qxd5 3. d4 Nc6 4. Nf3 Bg4 5. Be2 e6 6. 0-0 Nf6 7. Bf4 0-0-0 8. c3 Bd6 9. Bxd6 Qxd6 10. Nbd2 h6 11. b4 Nd5 12. Qb3 Nf4 13. Bb5 Nb8 14. Rfe1 f6 15. Ne4 Qb6 16. a4 Bxf3 17. gxf3 c6 18. Bc4 Rhe8 19. Nc5 e5 20. a5 Qc7 21. Be6+ Rxe6 22. Nxe6 Qf7 23. d5 Qg6+ 0-1